Sing and be joyful : enjoying music with young children /

Bibliographic Details
Other Authors: Andre, Evelyn M., Braun, Myron
Format: Musical Score Book
Language:English
Published: Nashville, TN : Abingdon, [1979]
Subjects:

MARC

Tag First Indicator Second Indicator Subfields
LEADER 00000ccm a2200000 i 4500
001 in00000042941
005 20151007064935.0
008 791219s1979 tnumu j n 0 eng d
010 |a  79014787  
020 |a 0687385504 
035 |a (OCoLC)05812214 
035 |9 AAE0933AM 
040 |a ISE  |c ISE  |d TXA  |d UtOrBLW 
047 |a sg  |a hy 
049 |a [Curr Col] TXAM  |c [1558784] 
082 1 |a 784.6/24/06 
090 |a M2193  |b .S5839 
245 0 0 |a Sing and be joyful :  |b enjoying music with young children /  |c compiled by Evelyn Andre ; Myron Braun, music consultant. 
264 1 |a Nashville, TN :  |b Abingdon,  |c [1979] 
264 4 |c ©1979 
300 |a 128 pages :  |b illustrations ;  |c 28 cm. 
336 |a notated music  |b ntm  |2 rdacontent 
337 |a unmediated  |b n  |2 rdamedia 
338 |a volume  |b nc  |2 rdacarrier 
500 |a "A collection of songs and other music to be used with young children, two to seven." 
500 |a Includes indexes. 
504 |a For voice and piano, in part with chord symbols. 
650 0 |a Children's songs. 
650 0 |a Hymns  |v Juvenile. 
650 0 |a Preschool music. 
700 1 |a Andre, Evelyn M. 
700 1 |a Braun, Myron. 
999 |a MARS 
999 f f |s 6ec9b61a-738c-3054-8052-acf2453a6e6b  |i 35a0ef7b-dac4-36d4-b930-1bb6810df4e9  |t 0 
952 f f |p ric  |a Texas A&M University  |b Rellis Campus  |c Joint Library Facility  |d Remote Storage  |t 0  |e M2193 .S5839  |h Library of Congress classification  |i unmediated -- volume  |m A14800225461 
998 f f |a M2193 .S5839  |t 0  |l Remote Storage